Digital fashion innovations : (Record no. 30960)

MARC details
000 -LEADER
fixed length control field 03687cam a2200397 i 4500
001 - CONTROL NUMBER
control field on1376274710
003 - CONTROL NUMBER IDENTIFIER
control field EG-ScBUE
005 - DATE AND TIME OF LATEST TRANSACTION
control field 20250511103539.0
008 - FIXED-LENGTH DATA ELEMENTS--GENERAL INFORMATION
fixed length control field 230401t2023 flua f b 001 0 eng d
020 ## - INTERNATIONAL STANDARD BOOK NUMBER
International Standard Book Number 9781032207278
035 ## - SYSTEM CONTROL NUMBER
System control number (OCoLC)1376274710
040 ## - CATALOGING SOURCE
Original cataloging agency UKMGB
Language of cataloging eng
Description conventions rda
Transcribing agency UKMGB
Modifying agency BDX
-- EUM
-- OCLCF
-- OCLCQ
-- XFF
-- OCLCO
-- UVV
-- OCLCO
-- IBI
-- EG-ScBUE
082 04 - DEWEY DECIMAL CLASSIFICATION NUMBER
Classification number 746.920285
Edition number 22
Item number DIG
245 00 - TITLE STATEMENT
Title Digital fashion innovations :
Remainder of title advances in design, simulation, and industry /
Statement of responsibility, etc edited by Abu Sadat Muhammad Sayem.
250 ## - EDITION STATEMENT
Edition statement First edition
264 #1 - PUBLICATION, DISTRIBUTION, ETC. (IMPRINT)
Place of publication, distribution, etc Boca Raton, FL :
Name of publisher, distributor, etc CRC Press,
Date of publication, distribution, etc 2023
264 #4 - PUBLICATION, DISTRIBUTION, ETC. (IMPRINT)
Date of publication, distribution, etc ©2023
300 ## - PHYSICAL DESCRIPTION
Extent xii, 206 pages :
Other physical details illustrations (black and white) ;
Dimensions 24 cm
336 ## - CONTENT TYPE
Content type term text
Content type code txt
Source rdacontent
336 ## - CONTENT TYPE
Content type term still image
Content type code sti
Source rdacontent
337 ## - MEDIA TYPE
Media type term unmediated
Media type code n
Source rdamedia
338 ## - CARRIER TYPE
Carrier type term volume
Carrier type code nc
Source rdacarrier
490 0# - SERIES STATEMENT
Series statement Textile Institute professional publications
504 ## - BIBLIOGRAPHY, ETC. NOTE
Bibliography, etc Includes bibliographical references and index.
505 0# - FORMATTED CONTENTS NOTE
Formatted contents note Part A: Introduction. 1. Defining Digital Fashion and Tracking the Developments in Relevant Technologies. Part B: Digital Design and E-Prototyping. 2. Clothing Fit Evaluation: From Physical to Virtual. 3. The Virtual Fitting Process--How Precisely Does 3D Simulation Represent Physical Reality?. 4. Virtual Fit of Bodices Constructed Following Contemporary Methods. 5. Scan2Weave: Connecting Digital Anthropometry With 3D Weaving Technology. Part C: Digital Human and Metaverse. 6. Processing Data from High Speed 4D Body-Scanning System for Application in Clothing Development. 7. Smart Mirrors: Augmented, but Not Yet Reality. Part D: Digital Business and Promotion. 8. Direct-to-Consumer Fashion Brands: The Digitally Native Start-Ups in the Retail Industry. 9. Fashion Marketing with Virtual Humans as Influencers. 10. A Review of Blockchain Technology for Sustainable Fashion.
520 ## - SUMMARY, ETC.
Summary, etc Digitalisation is becoming a standard practice in the fashion industry. Innovation in digital fashion is not just limited to computer-aided design (CAD) and manufacturing (CAM), rather it runs throughout the fashion supply chain, from product life cycle management and developing new business models that promote sustainability to connecting virtual and augmenting reality (VR/AR) with fashion for enhanced consumers experience through smart solutions. Digital Fashion Innovations: Advances in Design, Simulation, and Industry captures the state-of-art developments taking place in this multi-disciplinary field:Discusses digital fashion design and e-prototyping, including 2D/3D CAD, digital pattern cutting, virtual drape simulation and fit analysis.Covers digital human modelling and VR/AR technology.Details digital fashion business and promotion, including application of e-tools for supply chain, e-commerce, block chain technologies, big data, and artificial intelligence (AI).This interdisciplinary book will appeal to professionals working in textile and fashion technology, those developing AR and AI for clothing end uses, and anyone interested in the business of digital fashion and textile design. It will also be of interest to scientists and engineers working in anthropometry for a variety of disciplines, such as medical devices and ergonomics.
650 #7 - SUBJECT ADDED ENTRY--TOPICAL TERM
Topical term or geographic name as entry element Fashion design
General subdivision Digital techniques.
Source of heading or term BUEsh
650 #7 - SUBJECT ADDED ENTRY--TOPICAL TERM
Topical term or geographic name as entry element Fashion design
General subdivision Data processing.
Source of heading or term BUEsh
650 #7 - SUBJECT ADDED ENTRY--TOPICAL TERM
Topical term or geographic name as entry element Dressmaking
General subdivision Pattern design
-- Technological innovations.
Source of heading or term BUEsh
650 #7 - SUBJECT ADDED ENTRY--TOPICAL TERM
Topical term or geographic name as entry element Clothing trade
General subdivision Data processing.
Source of heading or term BUEsh
653 ## - INDEX TERM--UNCONTROLLED
Arrived date list May2025
Resource For college Arts and Design
655 ## - INDEX TERM--GENRE/FORM
Form subdivision Reading book
700 1# - ADDED ENTRY--PERSONAL NAME
Personal name Sayem, Abu Sadat Muhammad,
Relator term editor.
776 08 - ADDITIONAL PHYSICAL FORM ENTRY
Display text ebook version :
International Standard Book Number 9781000881240
942 ## - ADDED ENTRY ELEMENTS (KOHA)
Source of classification or shelving scheme Dewey Decimal Classification
Koha item type Book - Borrowing
Holdings
Withdrawn status Lost status Source of classification or shelving scheme Damaged status Not for loan Collection code Home library Current library Shelving location Date acquired Source of acquisition Cost, normal purchase price Serial Enumeration / chronology Total Checkouts Full call number Barcode Date last seen Cost, replacement price Price effective from Koha item type
    Dewey Decimal Classification     Baccah Central Library Central Library Second Floor 11/05/2025 Purchase 4080.00 39223   746.920285 DIG 000057314 15/07/2025 5100.00 11/05/2025 Book - Borrowing